History Quiz #1 - Statistics

General Stats
  • This quiz has been taken 67 times
  • The average score is 10 of 13
Answer Stats
Hint Answer % Correct
Which country started the Olympic games? Greece
100%
Who was the first president of the USA? George Washington
96%
Which country is known for creating the Pyramids of Giza? Egypt
95%
Which country started World War II? Germany
95%
Who "discovered" gravity? Isaac Newton
93%
Who "discovered" the Americas? Christopher Columbus
91%
In which country did Buddhism start? India
89%
What animal bit Cleopatra? Snake
84%
Which country was Alexander the Great from? Macedonia
70%
On which mountain did Noah's ark land on? Ararat
65%
Who created the Julian calendar? Julius Caesar
65%
Which country first adopted Christianity? Armenia
33%
Which was the first civilization? Mesopotamia
30%
No matching quizzes found
Score Distribution
Percent of People with Each Score
Percentile by Number Answered
Your Score History
You have not taken this quiz